[Event "Sabadell Diada blitz op 16th"]
[Site "Sabadell"]
[Date "2019.09.11"]
[Round "9"]
[White "Cori Tello, Deysi Estella"]
[Black "Ortiz de Latierro Olivella, Aitor"]
[Result "1-0"]
[WhiteElo "2330"]
[BlackElo "2000"]
[PlyCount "65"]
[EventDate "2019.09.11"]
[EventType "swiss (blitz)"]
[EventRounds "9"]
[EventCountry "ESP"]
[SourceTitle "EXT 2020"]
[Source "ChessBase"]
[SourceDate "2019.10.17"]
[SourceVersion "1"]
[SourceVersionDate "2019.10.17"]
[SourceQuality "1"]

1. d4 d6 2. Nf3 d5 3. c4 Nf6 4. e3 e6 5. Nbd2 Be7 6. b3 0-0 7. cxd5 c5 8. Bb2 exd5 9. Be2 Nc6 10. 0-0 Ne4 11. dxc5 Bf5 12. Nd4 Nxc5 13. Bc3 Nxd4 14. Bxd4 a6 15. Rc1 Rc8 16. Bg4 Qd7 17. Bxf5 Qxf5 18. Nf3 Nd3 19. Rxc8 Rxc8 20. Qb1 Qg6 21. h3 Ba3 22. Nh4 Qe4 23. f3 Qxh4 24. Qxd3 Qg3 25. Qf5 Re8 26. Qxd5 Bd6 27. f4 Bc7 28. Qxb7 Bd8 29. Qxa6 Bh4 30. Qb5 Rc8 31. Qb7 Rd8 32. Qe4 h6 33. b4 1-0

[Event "Barcelona Sant Marti op-A 15th"]
[Site "Barcelona"]
[Date "2013.07.18"]
[Round "6"]
[White "Calderon Alzate, Ivan Alejandro"]
[Black "Ortiz de Latierro Olivella, Aitor"]
[Result "1/2-1/2"]
[WhiteElo "1882"]
[BlackElo "2078"]
[PlyCount "43"]
[EventDate "2013.07.13"]
[EventType "swiss"]
[EventRounds "9"]
[EventCountry "ESP"]
[SourceTitle "CBM 155 Extra"]
[Source "ChessBase"]
[SourceDate "2013.08.26"]
[SourceVersion "1"]
[SourceVersionDate "2013.08.26"]
[SourceQuality "1"]

1. e4 e5 2. Nf3 Nc6 3. Bb5 a6 4. Ba4 Nf6 5. 0-0 Be7 6. Re1 b5 7. Bb3 0-0 8. h3 Bb7 9. c3 d5 10. exd5 Nxd5 11. d4 exd4 12. Nxd4 Nxd4 13. cxd4 Bd6 14. Nc3 Nxc3 15. bxc3 Qd7 16. Qd3 Rae8 17. Bg5 h6 18. Bh4 Kh8 19. Bg3 f5 20. Bxd6 cxd6 21. d5 Bc8 22. c4 1/2-1/2

[Event "LSS OP-2009-0-00981"]
[Site "LSS email"]
[Date "2009.11.04"]
[Round "?"]
[White "Bergmann, Paulo Fernando Brit"]
[Black "Ortiz de Latierro Olivella, Aitor"]
[Result "1-0"]
[WhiteElo "1838"]
[BlackElo "800"]
[PlyCount "35"]
[EventDate "2009.10.23"]
[EventType "tourn (corr)"]
[EventRounds "4"]
[EventCountry "GER"]
[SourceTitle "Telechess CBM 137"]
[Source "ChessBase"]
[SourceDate "2010.07.15"]
[SourceVersion "1"]
[SourceVersionDate "2010.07.15"]
[SourceQuality "1"]

1. d4 Nf6 2. c4 e6 3. g3 Bb4+ 4. Bd2 Bxd2+ 5. Nxd2 d6 6. Ngf3 0-0 7. Bg2 Qe7 8. 0-0 e5 9. e4 Bg4 10. d5 a5 11. h3 Bd7 12. Ne1 Na6 13. a3 Nc5 14. b4 Na4 15. Qc2 b5 16. Nd3 c6 17. c5 cxd5 18. exd5 1-0

[Event "LSS ZN-2009-0-00786"]
[Site "LSS email"]
[Date "2009.10.29"]
[Round "?"]
[White "Heijnen, Frits"]
[Black "Ortiz de Latierro Olivella, Aitor"]
[Result "0-1"]
[WhiteElo "800"]
[BlackElo "800"]
[PlyCount "22"]
[EventDate "2009.10.25"]
[EventType "match (corr)"]
[EventRounds "2"]
[EventCountry "GER"]
[SourceTitle "Corr 2015"]
[Source "ChessBase"]
[SourceDate "2015.07.17"]
[SourceVersion "1"]
[SourceVersionDate "2015.07.17"]
[SourceQuality "1"]

1. Nc3 d5 2. Nf3 d4 3. Ne4 f5 4. d3 fxe4 5. dxe4 Nc6 6. g3 Nf6 7. Qd3 Qd6 8. Ng5 h6 9. Nf3 Nb4 10. Qc4 Be6 11. Qxd4 Nxc2+ 0-1